书目信息 |
| 题名: |
地震孕育过程
|
|
| 作者: | 米雅奇金 , Мячкин 著 ;冯德益 , 顾瑾平 译 | |
| 分册: | ||
| 出版信息: | 北京 地震出版社 1983 |
|
| 页数: | 236页 | |
| 开本: | 21cm | |
| 丛书名: | ||
| 单 册: | ||
| 中图分类: | P315.1 | |
| 科图分类: | ||
| 主题词: | 地震成因 | |
| 电子资源: | ||
| ISBN: | ||
| 000 | 00967nam0 2200301 45 | |
| 001 | 0183006041 | |
| 005 | 20040701155025.1 | |
| 010 | @dCNY1.45 | |
| 091 | @a13180.215 | |
| 100 | @a19950808d1983 em y0chiy0121 ea | |
| 101 | 1 | @achi@crus |
| 102 | @aCN@b110000 | |
| 105 | @ay z 000yy | |
| 106 | @ar | |
| 200 | 10 | @a地震孕育过程@Adi zhen yun yu guo cheng@f(苏)米雅奇金(В.И.Мячкин)著@g冯德益,顾瑾平译 |
| 210 | @a北京@c地震出版社@d1983 | |
| 215 | @a236页@d21cm | |
| 300 | @a书名原文:Процессы подготовки землетрясений | |
| 510 | 1 | @aПроцессы подготовки землетрясений@zrus |
| 606 | @a地震成因 | |
| 690 | @aP315.1@v3 | |
| 701 | 1 | @a米雅奇金@Ami ya qi jin@bВ.И.@4著 |
| 701 | A1 | @aМячкин@bВ.И.@4著 |
| 702 | 0 | @a冯德益@Afeng de yi@4译 |
| 702 | 0 | @a顾瑾平@Agu jin ping@4译 |
| 801 | 0 | @aCN@b上海图书馆@c20040701 |
| 801 | 2 | @aCN@bNLC@c20040701 |
| 905 | @f1@b102882@dP315.1@e10 | |
| 地震孕育过程/(苏)米雅奇金(В.И.Мячкин)著/冯德益,顾瑾平译.-北京:地震出版社,1983 |
| 236页;21cm |
| 书名原文:Процессы подготовки землетрясений |
| ISBN :CNY1.45 |
| ● |
| 相关链接 |
|
|
|
|
正题名:地震孕育过程
索取号:P315.1/10
 
预约/预借
| 序号 | 登录号 | 条形码 | 馆藏地/架位号 | 状态 | 备注 |
| 1 | 0102882 | 001944533 | 第三借阅区/ [索取号:P315.1/10] | 在馆 | |
| 2 | 0102883 | 000626200 | 第二样本阅览室/ [索取号:P315.1/10] | 在馆 |